=LDR 00000nam 2200000 4500 =001 NUTBA000000000001422 =005 20140424151807.0 =006 =007 =008 =035 ##$$a 0010-041400000000692 =082 ##$$a 028.5 =090 ##$$a 028.5 $b aff u =100 ##$$a boeang affandi $t untung surapati seri komik sejarah nasional =245 ##$$a untung surapati seri komik sejarah nasional =260 ##$$a Jakarta $b penerbit pustaka indonesia =300 ##$$a 32 hlm. $b illus $c 20 cm =850 ##$$a NBPBMAT =990 ##$$a 21195121/BPAP-NTB/2014